000 00712nam a22002297a 4500
005 20170124105946.0
010 _aA-609516
020 _c00.00
_a8122404863
035 _aA-609516
037 _bCen Lib/Ret
040 _aDPL
_bEN
082 _a220.24
_bSAD
100 _aSadani, Jaikishandas
_912274
245 _aWisdom of upnishads /
_cby Jaikishan Sadani
260 _aNew Delhi
_bWilley Eastern
_c1993
270 _a4835/24, Ansari Road, Dariya Ganj
_bNew Delhi
_e110002
300 _axi, 89p.
_c20cm(Hb)
500 _aIncludes bibliographical references and glossary
650 _aHinduism
_984283
650 _aUpnishad
_xSpirituality
_912276
942 _2ddc
_cEN
_h220.24
_mSAD
999 _c124887
_d124887